| 000 | 00810nam a2200253Ia 4500 | ||
|---|---|---|---|
| 003 | OSt | ||
| 005 | 20221005083708.0 | ||
| 006 | a|||||r|||| 00| 0 | ||
| 007 | ta | ||
| 008 | 221004b |||||||| |||| 00| 0 eng d | ||
| 020 |
_a9789382711643 (pbk) _c245 |
||
| 024 | _a24690 | ||
| 037 |
_b1601, 31/12/2015, Vitasta Publishing Pvt. Ltd. _cTextual |
||
| 040 |
_aCRL _cCRL _beng |
||
| 041 |
_2eng _aeng |
||
| 082 | _aO111,3NCHx, Q5 | ||
| 100 |
_aChowdhury K .L. _9612759 |
||
| 245 | 0 | _aWhy don't you convert ? and other short stories | |
| 260 |
_aNew Delhi _bVitasta Publishing Ltd. India _c2015 |
||
| 300 |
_a263p. _ccm. |
||
| 650 | _aENGLISH LITERATURE | ||
| 942 |
_hO111,3NCHx, Q5 _cTEXL _2cc |
||
| 999 |
_c991398 _d991398 |
||